003860000a2200097000450024501360000004100130013670000210014970000220017010000230019277300730021510aMating behaviors of woolly monkeys, Lagotricha, at La Macarena, Colombia (III)sreproductive parameters viewd from a longterm study0 aInglés1 aWilches, Aida V.1 aEstrada, Catalina1 aNishimura, Akisato1 tField Studies of Fauna and Flora La Macarena, Colombiaq1-7d1992g7